000 01746nam a2200325Ia 4500
999 _c3939
_d3939
003 OSt
005 20200420172230.0
008 191128s2016 ck adobgr 001 0dspa d
020 _a9789588944395
040 _aCO-JMCR
_cCO-JMCR
041 0 _aspa
082 0 4 _a303.609861 /
_bA283t
100 1 _aAguilera Peña, José Mario,
_eautor
_91571
245 1 0 _aTomas y ataques guerrilleros :
_b(1965-2013) /
_cJosé Mario Aguilera Peña, Alba Lucía Vargas Alfonso, Luisa Marulanda Gómez, Luis Fernando Sánchez
250 _aPrimera edición
260 _aBogotá :
_bCentro de Memoria Histórica,
_c2016.
300 _a495 páginas :
_bgráficas, fotografías, mapas, tablas a color ;
_c23 cm.
490 1 _aInformes de investigación
504 _aBibliografía: paginas 457-495.
505 _aTomas y ataques guerrilleros: precisiones conceptuales y metológicas --Incursiones guerrilleras en cabeceras municipales y centros poblados (1965-2013)--Las dimensiones de la victimización -- Pueblos en resistencias--Memoria de víctimas, héroes y mártires
520 _aEl presente informe es el primero en abordar el tema de las tomas y ataques guerrilleros de manera sistemática y desde una perspectiva temporal amplia, que va de 1965 a 2013, es decir desde sus primeras expresiones en los orígenes de las guerrillas.
650 1 4 _aViolencia
_xHistoria
_zColombia
_91572
650 2 4 _aViolencia
_xGuerrillas
_ySiglos XX -XXI
_91573
650 2 4 _aHistoria
_xEmboscadas (Táctica militar)
_ySiglos XX-XXI
_zColombia
_91574
700 1 _aVargas Alfonso,
_eautor
_91575
700 1 _aAlba Lucía,
_eautora
_91576
700 1 _aMarulanda Gómez, Luisa,
_eautora
_91577
700 1 _aSánchez, Luis Fernando,
_eautor
_91578
942 _2ddc
_cBK